[Event "23e tournoi de Noël"]
[Site "Montigny le Bretonneux"]
[Date "2024.12.29"]
[Round "6.7"]
[White "Crouzet, Leo"]
[Black "Imbert, Nicolas"]
[Result "1-0"]
[WhiteElo "1829"]
[BlackElo "1640"]
[Annotator "Rivier,Sylvain"]
[PlyCount "125"]
[EventDate "2024.??.??"]
[WhiteTeam "GIF-CC2-Echecs"]
[BlackTeam "Saint-Quentin en Yvelines"]

{Défense française, variante Rubinstein} 1. e4 e6 2. Nf3 d5 3. Nc3 dxe4 4.
Nxe4 Bd7 5. d4 Bc6 6. Bd3 Nd7 7. O-O Ngf6 8. Nxf6+ Nxf6 9. c3 Be7 10. Ne5 Be4
11. Bxe4 Nxe4 12. Qf3 Nf6 13. Qxb7 O-O 14. Nc6 Qd7 15. Bg5 Bd6 16. Ne5 Bxe5 17.
dxe5 Nd5 18. Qa6 h6 19. Bh4 Rfb8 20. Qe2 Qa4 21. Bg3 Rb6 22. c4 Ne7 23. b3 Qa3
24. Rfd1 a5 25. Rd7 a4 26. Rad1 axb3 27. axb3 Rxb3 28. Rxc7 Rab8 29. h3 Rb1 30.
Rcd7 Qa4 31. Rd8+ Rxd8 32. Rxb1 Rc8 33. Rc1 Nd5 34. c5 Rc6 35. f3 Qa3 36. Qc4
Qb4 37. Bf2 Qxc4 38. Rxc4 g5 39. h4 Kg7 40. hxg5 hxg5 41. Kh2 Nf4 42. Be3 Nd3
43. Bxg5 Nxe5 44. Rc3 Nd7 45. Be7 Nb6 46. cxb6 Rxc3 47. Bd6 Rb3 48. Bc7 Kg6 49.
Kg3 f5 50. Kf4 Rb5 51. Ke3 e5 52. Kd3 Kf6 53. Kc4 Rb2 54. Kd5 Rd2+ 55. Kc6 Rc2+
56. Kd7 e4 57. fxe4 fxe4 58. b7 Rb2 59. b8=Q Rxb8 60. Bxb8 e3 61. Bg3 Kf5 62.
Be1 Kf4 63. Ke6 1-0

[Event "23e tournoi de Noël"]
[Site "Montigny le Bretonneux"]
[Date "2024.12.29"]
[Round "6.8"]
[White "Barthere, Gilles"]
[Black "Fasquelle, Cedric"]
[Result "0-1"]
[WhiteElo "1630"]
[BlackElo "1739"]
[Annotator "Rivier,Sylvain"]
[PlyCount "58"]
[EventDate "2024.??.??"]
[WhiteTeam "CE Le Roi Soleil - Le Chesnay - Versailles"]
[BlackTeam "Saint-Quentin en Yvelines"]

{Défense sicilienne} 1. e4 c5 2. Nf3 e6 3. d4 cxd4 4. Nxd4 Nf6 5. f3 Bc5 6.
Nc3 a6 7. Be3 Qc7 8. Qd3 b5 9. Be2 Bb7 10. O-O-O O-O 11. g4 e5 12. Nf5 Bxe3+
13. Qxe3 Nc6 14. Qg5 Ne8 15. h4 f6 16. Qd2 g6 17. Qd5+ Kh8 18. Nh6 Nd4 19. Rxd4
Bxd5 20. Rxd5 Rc8 21. Rhd1 d6 22. R1d2 Kg7 23. g5 f5 24. exf5 gxf5 25. h5 Qb6
26. Rd1 Qe3+ 27. Kb1 Rxc3 28. Bd3 Rxd3 29. Nxf5+ Rxf5 0-1

[Event "23e tournoi de Noël"]
[Site "Montigny le Bretonneux"]
[Date "2024.12.29"]
[Round "6.9"]
[White "Corbillet, Mathieu"]
[Black "Appavou, Calixte"]
[Result "0-1"]
[WhiteElo "1631"]
[BlackElo "1734"]
[Annotator "Rivier,Sylvain"]
[PlyCount "54"]
[EventDate "2024.??.??"]
[WhiteTeam "La Dame Noire"]
[BlackTeam "Saint-Quentin en Yvelines"]

{Partie des quatre cavaliers, variante écossaise} 1. e4 e5 2. Nf3 Nc6 3. d4
exd4 4. Nxd4 d6 5. Nc3 Nf6 6. Be3 Be7 7. Qd2 Ng4 8. f3 Nxe3 9. Qxe3 Nxd4 10.
Qxd4 Bf6 11. Qc4 Bd7 12. O-O-O a6 13. Nd5 Bc6 14. f4 Bxd5 15. Qxd5 O-O 16. g4
c6 17. Qxd6 Qb6 18. Qa3 Bd4 19. f5 Rad8 20. Bc4 Qc7 21. Qg3 Be5 22. Qg2 b5 23.
Be2 Qa5 24. a3 b4 25. Qf3 Rb8 26. Rd3 bxa3 27. b4 Rxb4 0-1

[Event "23e tournoi de Noël"]
[Site "Montigny le Bretonneux"]
[Date "2024.12.29"]
[Round "6.10"]
[White "Salagnac, Sowan"]
[Black "Charlet, Tristan"]
[Result "1-0"]
[WhiteElo "1702"]
[BlackElo "1399"]
[Annotator "Rivier,Sylvain"]
[PlyCount "83"]
[EventDate "2024.??.??"]
[WhiteTeam "Saint-Quentin en Yvelines"]
[BlackTeam "Club d'Echecs d'Orsay"]

{Partie écossaise} 1. e4 e5 2. Nf3 Nc6 3. d4 exd4 4. Nxd4 Bc5 5. Be3 Qf6 6. c3
Nge7 7. Bc4 d6 8. Nxc6 Bxe3 9. fxe3 Nxc6 10. Nd2 Ne5 11. Be2 Be6 12. Nf3 Nxf3+
13. Bxf3 O-O 14. O-O Qg6 15. Kh1 Rae8 16. Qd4 a6 17. Rad1 Bxa2 18. Qb4 c5 19.
Qxb7 Bc4 20. Rf2 Rb8 21. Qc6 Rfd8 22. Rfd2 Rbc8 23. Rxd6 Qg5 24. Qxc5 Qxc5 25.
Rxd8+ Rxd8 26. Rxd8+ Qf8 27. Rxf8+ Kxf8 28. Kg1 Ke7 29. Kf2 Kd6 30. Be2 Bxe2
31. Kxe2 Kc5 32. Kd3 a5 33. b3 h6 34. g4 g6 35. h4 g5 36. hxg5 hxg5 37. e5 Kd5
38. c4+ Kxe5 39. e4 Kd6 40. Kd4 f6 41. c5+ Kc6 42. Kc4 1-0

[Event "23e tournoi de Noël"]
[Site "Montigny le Bretonneux"]
[Date "2024.12.29"]
[Round "6.11"]
[White "Weens, William"]
[Black "Neveu, Raphael"]
[Result "1-0"]
[WhiteElo "1782"]
[BlackElo "1640"]
[Annotator "Rivier,Sylvain"]
[PlyCount "169"]
[EventDate "2024.??.??"]
[WhiteTeam "ECHECS 78"]
[BlackTeam "La Dame Noire"]

{Partie espagnole, défense berlinoise ouverte} 1. e4 e5 2. Nf3 Nc6 3. Bb5 Nf6
4. O-O Nxe4 5. d4 Nd6 6. Bxc6 dxc6 7. Nxe5 Be7 8. b3 O-O 9. Nd2 Re8 10. a4 Bf6
11. Ndf3 h6 12. h3 Bf5 13. Bb2 a5 14. Nd2 Bxe5 15. dxe5 Ne4 16. Nc4 Qg5 17. Ne3
Bxh3 18. Qf3 Nd2 19. Qxh3 Nxf1 20. Rxf1 Rad8 21. Nc4 Rd5 22. Re1 Red8 23. e6 f6
24. e7 Re8 25. Qe6+ Kh7 26. Qf7 Qg6 27. Qxg6+ Kxg6 28. Ba3 b6 29. Ne3 Rd2 30.
b4 Rxe7 31. bxa5 Re4 32. axb6 cxb6 33. a5 bxa5 34. Bb2 f5 35. Bc3 Rd7 36. Bxa5
f4 37. Nf1 Rxe1 38. Bxe1 Rd1 39. Bb4 Rc1 40. c3 c5 41. Bxc5 Rxc3 42. Bd6 Kf5
43. Bf8 Rc7 44. Nd2 Rf7 45. Bb4 g5 46. Nf3 g4 47. Nh4+ Kg5 48. g3 fxg3 49. fxg3
h5 50. Bd2+ Kf6 51. Ng2 Rd7 52. Bf4 Rb7 53. Ne3 Rb1+ 54. Kf2 Rb2+ 55. Kf1 Rb1+
56. Ke2 Rg1 57. Bc7 Rxg3 58. Bxg3 h4 59. Bxh4+ Ke5 60. Nxg4+ Kd5 61. Ne3+ Ke4
62. Bg3 Kd4 63. Kf3 Kc5 64. Ke4 Kc6 65. Nf5 Kc5 66. Ne7 Kb6 67. Kd5 Kb7 68. Kc5
Ka6 69. Kc6 Ka5 70. Nd5 Ka4 71. Be1 Kb3 72. Ne3 Ka4 73. Kc5 Kb3 74. Kb5 Ka3 75.
Bd2 Kb3 76. Kc5 Ka4 77. Kc4 Ka3 78. Nd1 Ka2 79. Kb4 Kb1 80. Kb3 Ka1 81. Ne3 Kb1
82. Nc4 Ka1 83. Be3 Kb1 84. Na3+ Ka1 85. Bd4# 1-0

[Event "23e tournoi de Noël"]
[Site "Montigny le Bretonneux"]
[Date "2024.12.29"]
[Round "6.12"]
[White "Benkaci, Massin"]
[Black "Martin, Gabriel"]
[Result "1/2-1/2"]
[WhiteElo "1655"]
[BlackElo "1753"]
[Annotator "Rivier,Sylvain"]
[PlyCount "65"]
[EventDate "2024.??.??"]
[WhiteTeam "Club du Canal St-Martin Paris"]
[BlackTeam "Club d'Echecs d'Orsay"]

{Ouverrture anglaise, variante Nimzo refusée} 1. c4 e6 2. Nc3 Nf6 3. g3 d5 4.
d4 Be7 5. cxd5 exd5 6. Bg2 c6 7. e3 O-O 8. Nge2 Bf5 9. O-O Re8 10. a3 Nbd7 11.
b4 Nb6 12. Na4 Ne4 13. Nc5 Nxc5 14. bxc5 Nc4 15. Nf4 b5 16. cxb6 axb6 17. a4
Qd7 18. Bd2 Ra6 19. Bc3 Rea8 20. Qb3 g5 21. Ne2 Qa7 22. e4 Be6 23. exd5 cxd5
24. f4 Qd7 25. fxg5 Bxg5 26. Nf4 Bxf4 27. Rxf4 Rxa4 28. Re1 Ra2 29. Qd1 R8a3
30. Bb4 Ne3 31. Qh5 Rxg2+ 32. Kh1 Raa2 33. Qg5+ 1/2-1/2

[Event "23e tournoi de Noël"]
[Site "Montigny le Bretonneux"]
[Date "2024.12.29"]
[Round "6.13"]
[White "Fayolle, Guy"]
[Black "Salhi, Clement"]
[Result "1/2-1/2"]
[WhiteElo "1696"]
[BlackElo "1299"]
[Annotator "Rivier,Sylvain"]
[PlyCount "100"]
[EventDate "2024.??.??"]
[WhiteTeam "Saint-Quentin en Yvelines"]
[BlackTeam "Club du Canal St-Martin Paris"]

{Défense française, variante Steinitz} 1. e4 e6 2. d4 d5 3. Nc3 Nf6 4. e5
Nfd7 5. f4 c5 6. Nf3 Nc6 7. Be3 cxd4 8. Nxd4 Bb4 9. Be2 O-O 10. O-O a6 11. Kh1
Nb6 12. a3 Bxc3 13. bxc3 Bd7 14. Bd3 Na4 15. Qe1 Nb2 16. Be2 b5 17. Qg3 f6 18.
Qh3 Qc8 19. Bd3 Nxd3 20. cxd3 fxe5 21. Nxc6 Qxc6 22. fxe5 Qxc3 23. d4 Qd3 24.
Rfd1 Qf5 25. Qg3 Rf7 26. Rac1 Rc8 27. Rxc8+ Bxc8 28. Rc1 Bd7 29. Qh4 Rf8 30. h3
Qd3 31. Rc7 Qxe3 32. Rxd7 Rf1+ 33. Kh2 Qf4+ 34. Qxf4 Rxf4 35. Rd6 Rxd4 36. Rxa6
Ra4 37. Rxe6 Rxa3 38. Rb6 Rb3 39. Rd6 Rd3 40. Rb6 Re3 41. e6 g6 42. Rxb5 d4 43.
Rd5 d3 44. Kg1 Kf8 45. Kf2 Re2+ 46. Kf3 Rd2 47. Rd7 h5 48. g3 Re2 49. Rxd3 Rxe6
50. Kf4 Kg7 1/2-1/2

[Event "23e tournoi de Noël"]
[Site "Montigny le Bretonneux"]
[Date "2024.12.29"]
[Round "6.14"]
[White "Ndika, Anthony"]
[Black "Conq, Alain"]
[Result "0-1"]
[WhiteElo "1538"]
[BlackElo "1831"]
[Annotator "Rivier,Sylvain"]
[PlyCount "76"]
[EventDate "2024.??.??"]
[WhiteTeam "L'Hay les Roses Echecs et Mat"]
[BlackTeam "Echiquier Scéen - Sceaux"]

{Gambit dame, défense slave, variante d'échange} 1. d4 d5 2. c4 c6 3. cxd5
cxd5 4. Nc3 Nf6 5. Bf4 e6 6. Nf3 Bd6 7. Bxd6 Qxd6 8. e3 O-O 9. Bd3 Nc6 10. O-O
a6 11. a3 b5 12. Re1 Bb7 13. e4 dxe4 14. Nxe4 Nxe4 15. Bxe4 f5 16. Bc2 Rad8 17.
Bb3 Bc8 18. Ng5 Nxd4 19. Qh5 h6 20. Bxe6+ Bxe6 21. Nxe6 Nxe6 22. Rad1 Qc6 23.
Rc1 Qxg2+ 24. Kxg2 Nf4+ 25. Kf1 Nxh5 26. Rc7 Rf7 27. Rc6 Rf6 28. Rc7 Nf4 29. f3
Nd5 30. Ra7 f4 31. Kf2 Ne3 32. Re2 Rg6 33. Rxe3 fxe3+ 34. Kxe3 Re6+ 35. Kf2
Rd2+ 36. Kg3 Rxb2 37. Kf4 Rf6+ 38. Ke5 Rb3 0-1

[Event "23e tournoi de Noël"]
[Site "Montigny le Bretonneux"]
[Date "2024.12.29"]
[Round "6.15"]
[White "Couradin, Bruno"]
[Black "Kunne, Ronald"]
[Result "0-1"]
[WhiteElo "1577"]
[BlackElo "1803"]
[Annotator "Rivier,Sylvain"]
[PlyCount "94"]
[EventDate "2024.??.??"]
[WhiteTeam "La Dame Noire"]
[BlackTeam "Club d'Echecs d'Orsay"]

{Défense Caro-Kann, variante d'échange} 1. d4 c5 2. e3 cxd4 3. exd4 d5 4. Nf3
Bf5 5. Nc3 Nc6 6. Bb5 Nf6 7. Bf4 e6 8. Ne5 Rc8 9. O-O Bd6 10. Bxc6+ bxc6 11. h3
h6 12. Bh2 c5 13. Nb5 Bb8 14. dxc5 Rxc5 15. Nd4 Bh7 16. c3 O-O 17. Ndc6 Rxc6
18. Nxc6 Bxh2+ 19. Kh1 Qc7 20. Nd4 Be5 21. Nf3 Bd6 22. Re1 Ne4 23. Re2 Qb6 24.
Qe1 Bc5 25. Nd4 Bxd4 26. cxd4 Qxd4 27. f3 Nf6 28. Rc1 Qb6 29. Qc3 d4 30. Qc4
Nd5 31. Rd2 d3 32. Qc5 Bg6 33. a3 Rb8 34. b4 Qa6 35. Ra1 Rc8 36. Qd4 Rc4 37. b5
Rxd4 38. bxa6 Ra4 39. Kg1 Rxa6 40. a4 Rc6 41. Rb1 Rc2 42. Rbd1 Ne3 43. Rxc2
dxc2 44. Rd8+ Kh7 45. Rc8 Nd5 46. Kf2 Nb4 47. Ke2 Na2 0-1

[Event "23e tournoi de Noël"]
[Site "Montigny le Bretonneux"]
[Date "2024.12.29"]
[Round "6.16"]
[White "Couradin, Jean-Marie"]
[Black "Fasquelle, Yann"]
[Result "1-0"]
[WhiteElo "1703"]
[BlackElo "1563"]
[Annotator "Rivier,Sylvain"]
[PlyCount "51"]
[EventDate "2024.??.??"]
[WhiteTeam "La Dame Noire"]
[BlackTeam "Saint-Quentin en Yvelines"]

{Ouverture anglaise} 1. c4 g6 2. Nc3 Bg7 3. g3 Nc6 4. Bg2 e6 5. Nf3 Nge7 6. d4
O-O 7. e4 d6 8. O-O Bd7 9. Be3 Qc8 10. h3 a6 11. Kh2 Nd8 12. a4 f6 13. Qc2 Nf7
14. b4 f5 15. Rad1 e5 16. dxe5 Nxe5 17. Nxe5 Bxe5 18. f4 Bxc3 19. Qxc3 Bxa4 20.
Rd2 Bd7 21. e5 Bc6 22. Bxc6 Nxc6 23. exd6 cxd6 24. Rxd6 Qc7 25. Rfd1 Rac8 26.
Rd7 1-0

[Event "23e tournoi de Noël"]
[Site "Montigny le Bretonneux"]
[Date "2024.12.29"]
[Round "6.17"]
[White "Foveau, Guillaume"]
[Black "Meddour, Ithri"]
[Result "1-0"]
[WhiteElo "1588"]
[BlackElo "1483"]
[Annotator "Rivier,Sylvain"]
[PlyCount "69"]
[EventDate "2024.??.??"]
[WhiteTeam "La Dame Noire"]
[BlackTeam "Saint-Quentin en Yvelines"]

{Défense hollandaise} 1. d4 f5 2. c4 Nf6 3. Nc3 e6 4. Nf3 c6 5. h3 d5 6. c5
Nbd7 7. Bf4 b6 8. b4 a5 9. a3 b5 10. e3 Be7 11. Be2 h6 12. Ne5 Nxe5 13. Bxe5
O-O 14. Bf3 Bd7 15. Ne2 axb4 16. axb4 g6 17. Nf4 Kh7 18. h4 h5 19. Nh3 Ng4 20.
g3 Rxa1 21. Qxa1 Qa8 22. O-O Qb7 23. Qb2 Ra8 24. Ra1 Ra6 25. Rxa6 Qxa6 26. Bxg4
fxg4 27. Nf4 Qa4 28. Qb1 Be8 29. Nxh5 Kh6 30. Nf4 Bf7 31. Kg2 g5 32. hxg5+ Bxg5
33. Qh1+ Bh4 34. Qxh4+ Bh5 35. Qxh5# 1-0

[Event "23e tournoi de Noël"]
[Site "Montigny le Bretonneux"]
[Date "2024.12.29"]
[Round "6.18"]
[White "Nguyen, Hai Nam"]
[Black "Nicol, Christian"]
[Result "0-1"]
[WhiteElo "1299"]
[BlackElo "1579"]
[Annotator "Rivier,Sylvain"]
[PlyCount "54"]
[EventDate "2024.??.??"]
[WhiteTeam "Club d'Echecs de Guyancourt"]
[BlackTeam "Saint-Quentin en Yvelines"]

{Défense française, variante d'échange} 1. e4 e6 2. d4 d5 3. b3 dxe4 4. Bb2
f5 5. Nc3 Nf6 6. Qd2 Bb4 7. Nge2 Nd5 8. O-O-O O-O 9. Nf4 Nd7 10. Nxe6 Qf6 11.
Nxf8 Qxf8 12. Rg1 N7b6 13. h3 Be6 14. g4 fxg4 15. hxg4 Bd6 16. Nxd5 Nxd5 17. c4
Bf4 18. cxd5 Bxd2+ 19. Rxd2 Bxd5 20. Kb1 Re8 21. Rg3 e3 22. Bg2 exd2 23. Bxd5+
Kh8 24. Rd3 Qxf2 25. Bxb7 Re1+ 26. Kc2 d1=Q+ 27. Kc3 Qfc2+ 0-1

[Event "23e tournoi de Noël"]
[Site "Montigny le Bretonneux"]
[Date "2024.12.29"]
[Round "6.19"]
[White "Nguyen, Bui Nhat Duy"]
[Black "Moulun, Raphael"]
[Result "0-1"]
[WhiteElo "1401"]
[BlackElo "1597"]
[Annotator "Rivier,Sylvain"]
[PlyCount "97"]
[EventDate "2024.??.??"]
[WhiteTeam "Club d'Echecs d'Orsay"]
[BlackTeam "La Dame Noire"]

{Partie du centre} 1. e4 e5 2. d4 exd4 3. c3 Qe7 4. f3 d5 5. Qxd4 dxe4 6. Qxe4
Qxe4+ 7. fxe4 Nc6 8. Bf4 Bd6 9. Bxd6 cxd6 10. Nf3 Nf6 11. Nbd2 Bd7 12. O-O-O
O-O 13. Bb5 a6 14. Bxc6 Bxc6 15. Rhe1 Rae8 16. e5 dxe5 17. Nxe5 Bxg2 18. Rg1
Bh3 19. Ndf3 Re7 20. Rg3 Bf5 21. Rdg1 g6 22. Nc4 Rd8 23. Nd4 Be4 24. Ne3 Rde8
25. Nef5 Bxf5 26. Nxf5 Re1+ 27. Rxe1 Rxe1+ 28. Kd2 Ra1 29. Nd6 Rxa2 30. Kc2 b5
31. Rd3 Ra1 32. Nb7 Rf1 33. Nc5 Rf2+ 34. Kb1 a5 35. Nb7 a4 36. Nd6 Nd7 37. Nxb5
Nc5 38. Rd8+ Kg7 39. Ka2 f5 40. Rd5 Ne4 41. Ka3 Nd2 42. Kxa4 Nc4 43. b4 Nb6+
44. Ka5 Nxd5 45. Ka6 Ra2+ 46. Kb7 Rb2 47. c4 Nxb4 48. c5 f4 49. c6 0-1

[Event "23e tournoi de Noël"]
[Site "Montigny le Bretonneux"]
[Date "2024.12.29"]
[Round "6.20"]
[White "Pages, Clement"]
[Black "Leblanc, Didier"]
[Result "1-0"]
[WhiteElo "1538"]
[BlackElo "1399"]
[Annotator "Rivier,Sylvain"]
[PlyCount "57"]
[EventDate "2024.??.??"]
[WhiteTeam "L'Hay les Roses Echecs et Mat"]
[BlackTeam "Saint-Quentin en Yvelines"]

{Partie italienne} 1. e4 e5 2. Nf3 Nc6 3. Bc4 Bc5 4. O-O Nf6 5. Re1 O-O 6. c3
d6 7. h3 Na5 8. Bf1 Re8 9. b4 Bb6 10. bxa5 Bxa5 11. d3 c6 12. Bd2 Be6 13. d4
exd4 14. cxd4 Bb6 15. Nc3 Rc8 16. Bg5 Ba5 17. Re3 Qb6 18. Bxf6 gxf6 19. Rb1 f5
20. Rxb6 axb6 21. exf5 Bxf5 22. Bd3 Bd7 23. Rxe8+ Rxe8 24. Ne4 d5 25. Nf6+ Kg7
26. Nxd7 b5 27. Nfe5 b4 28. Qg4+ Kh6 29. Nxf7# 1-0

[Event "23e tournoi de Noël"]
[Site "Montigny le Bretonneux"]
[Date "2024.12.29"]
[Round "6.21"]
[White "Chakour, Samir"]
[Black "Bouloc, Roger"]
[Result "0-1"]
[WhiteElo "1461"]
[BlackElo "1491"]
[Annotator "Rivier,Sylvain"]
[PlyCount "78"]
[EventDate "2024.??.??"]
[WhiteTeam "Saint-Quentin en Yvelines"]
[BlackTeam "La Dame Noire"]

{Début Réti, système Barcza} 1. Nf3 Nc6 2. g3 e5 3. d3 d5 4. Bg2 Nf6 5. O-O
Bc5 6. c3 O-O 7. Qc2 Bf5 8. Nbd2 Re8 9. Nh4 Qd7 10. Nxf5 Qxf5 11. e4 dxe4 12.
dxe4 Qe6 13. b4 Bb6 14. a4 a6 15. a5 Ba7 16. Re1 Rad8 17. Ba3 Rd7 18. Rad1 Red8
19. Bf1 Ne7 20. Bc4 Qg4 21. Kg2 Ng6 22. Kh1 Bxf2 23. Be2 Qg5 24. Nf3 Qh6 25.
Bc1 Be3 26. Rxd7 Rxd7 27. Bf1 Bxc1 28. Rxc1 Qe3 29. Bg2 Nxe4 30. Rf1 Qxc3 31.
Qxe4 c6 32. Bh3 Rd6 33. Qf5 Rf6 34. Qc8+ Nf8 35. Bg2 Qxb4 36. Qc7 e4 37. Ng5
Qc4 38. Rxf6 gxf6 39. Bxe4 Qf1# 0-1

[Event "23e tournoi de Noël"]
[Site "Montigny le Bretonneux"]
[Date "2024.12.29"]
[Round "6.22"]
[White "Rabetrano, Arthur"]
[Black "Garabedian, Christophe"]
[Result "1-0"]
[WhiteElo "1299"]
[BlackElo "1476"]
[Annotator "Rivier,Sylvain"]
[PlyCount "93"]
[EventDate "2024.??.??"]
[WhiteTeam "AGJA-Echiquier Aquitaine"]
[BlackTeam "La Dame Noire"]

{Ouverture du pion dame} 1. d4 g6 2. Nf3 Bg7 3. Bf4 d6 4. Qd2 Nd7 5. Nc3 e5 6.
dxe5 dxe5 7. Bg3 b6 8. Qd5 Rb8 9. Bh4 Ne7 10. Qb3 O-O 11. Qa3 Nc5 12. Ne4 f6
13. Nxc5 bxc5 14. Qxc5 Rxb2 15. Nxe5 g5 16. Qc4+ Kh8 17. Nf7+ Rxf7 18. Qxf7
gxh4 19. Rd1 Qf8 20. Qxf8+ Bxf8 21. Rd8 Kg7 22. e3 Bf5 23. Ra8 Nd5 24. Rxa7
Bb4+ 25. Ke2 Rxc2+ 26. Kf3 h5 27. a3 Bd6 28. a4 Bg4+ 29. Ke4 Rc5 30. a5 f5+ 31.
Kd4 Nb4 32. f3 Nc2+ 33. Kd3 Nb4+ 34. Kd2 Rc2+ 35. Kd1 Ra2 36. fxg4 hxg4 37. g3
h3 38. a6 Ra1+ 39. Kd2 Kg6 40. Kc3 c5 41. Kc4 Rc1+ 42. Kb5 Rb1 43. Kb6 Nd5+ 44.
Kc6 Bb8 45. Rb7 Rxb7 46. Kxb7 Bc7 47. a7 1-0

[Event "23e tournoi de Noël"]
[Site "Montigny le Bretonneux"]
[Date "2024.12.30"]
[Round "7.1"]
[White "Greuthier, Alois"]
[Black "Wuthrich, Guillaume"]
[Result "1/2-1/2"]
[WhiteElo "1875"]
[BlackElo "1959"]
[Annotator "Rivier,Sylvain"]
[PlyCount "34"]
[EventDate "2024.??.??"]
[WhiteTeam "L'Echiquier Royal de Châtenoy le Royal"]
[BlackTeam "Le Cavalier de La Reine Bourg-La-Reine"]

{Défense est-indienne, variante classique} 1. d4 Nf6 2. Nf3 g6 3. c4 Bg7 4.
Nc3 O-O 5. e4 d6 6. Be2 e5 7. Be3 Nc6 8. d5 Ne7 9. Nd2 Ne8 10. b4 a5 11. a3
axb4 12. axb4 Rxa1 13. Qxa1 f5 14. f3 f4 15. Bf2 g5 16. c5 h5 17. Nc4 g4
1/2-1/2

[Event "23e tournoi de Noël"]
[Site "Montigny le Bretonneux"]
[Date "2024.12.30"]
[Round "7.2"]
[White "Arutyunov, Mikael"]
[Black "Korte, Markus"]
[Result "1/2-1/2"]
[WhiteElo "1730"]
[BlackElo "1970"]
[Annotator "Rivier,Sylvain"]
[PlyCount "136"]
[EventDate "2024.??.??"]
[WhiteTeam "Tours et Detours Club d'Echecs Centre Brie"]
[BlackTeam "Ecole Française d'Echecs de Metz"]

{Défense néo-Grünfeld} 1. d4 d5 2. Nf3 Nf6 3. g3 g6 4. Bg2 Bg7 5. c4 c6 6.
O-O O-O 7. Nbd2 Nbd7 8. b3 Re8 9. Bb2 Nf8 10. Re1 Bf5 11. Nh4 Bd7 12. e4 dxe4
13. Nxe4 Nxe4 14. Bxe4 Ne6 15. Qd2 Qb6 16. d5 Nc5 17. Bxg7 Kxg7 18. Qd4+ Kg8
19. Bg2 Rad8 20. Qc3 a5 21. dxc6 Bxc6 22. Bxc6 bxc6 23. Rad1 Ne4 24. Qc2 f5 25.
Ng2 Rxd1 26. Rxd1 Rd8 27. Rxd8+ Qxd8 28. Ne3 Qd4 29. Qd1 Qb2 30. Qc2 Qa1+ 31.
Kg2 Qd4 32. Qd1 Qb2 33. Qc2 Qe5 34. Qd3 Kf7 35. Qd1 Qc3 36. Qc2 Qe1 37. g4 e6
38. gxf5 gxf5 39. a4 Kg6 40. Nf1 Nf6 41. Qd2 Qe4+ 42. f3 Qb1 43. Qe3 Qc2+ 44.
Kg1 Qd1 45. Kg2 Qd6 46. Qd2 Qc5 47. Qe3 Qd6 48. Qd2 Qe5 49. Qe3 Qb2+ 50. Kg1
Kf7 51. Qa7+ Kg6 52. Qe3 e5 53. Ng3 Qb1+ 54. Nf1 Qb2 55. Ng3 h5 56. h4 Qb1+ 57.
Nf1 f4 58. Qxe5 Qxb3 59. Qg5+ Kf7 60. Qxf4 Qxa4 61. Qc7+ Ke6 62. Qc8+ Kf7 63.
Qc7+ Kg6 64. Qg3+ Kf7 65. Qc7+ Ke6 66. Qc8+ Kf7 67. Qc7+ Kf8 68. Qc8+ Kf7
1/2-1/2

[Event "23e tournoi de Noël"]
[Site "Montigny le Bretonneux"]
[Date "2024.12.30"]
[Round "7.3"]
[White "Divies, Renaud"]
[Black "Sanchez-Narboni, Quentin"]
[Result "0-1"]
[WhiteElo "1922"]
[BlackElo "1841"]
[Annotator "Rivier,Sylvain"]
[PlyCount "28"]
[EventDate "2024.??.??"]
[WhiteTeam "Club d'Echecs du Vesinet"]
[BlackTeam "GIF-CC2-Echecs"]

{Ouverture anglaise} 1. c4 f5 2. g3 Nf6 3. Bg2 d6 4. f4 e5 5. d3 c6 6. Nc3 Be7
7. Nf3 Qc7 8. O-O O-O 9. e4 fxe4 10. dxe4 Qb6+ 11. Kh1 exf4 12. gxf4 Bg4 13. h3
Bh5 14. Qd4 Bxf3 0-1

[Event "23e tournoi de Noël"]
[Site "Montigny le Bretonneux"]
[Date "2024.12.30"]
[Round "7.4"]
[White "Imbert, Christophe"]
[Black "Crouzet, Leo"]
[Result "0-1"]
[WhiteElo "1902"]
[BlackElo "1829"]
[Annotator "Rivier,Sylvain"]
[PlyCount "110"]
[EventDate "2024.??.??"]
[WhiteTeam "Club d'Echecs du Vesinet"]
[BlackTeam "GIF-CC2-Echecs"]

{Défense sicilienne, système fermé} 1. e4 c5 2. Nc3 Nc6 3. g3 g6 4. Bg2 Bg7
5. d3 Rb8 6. Be3 b5 7. Qd2 b4 8. Nd1 d6 9. Ne2 a5 10. a3 bxa3 11. Rxa3 Bxb2 12.
Nxb2 Rxb2 13. O-O e5 14. Qc1 Rb7 15. f4 f6 16. c3 Bg4 17. Qc2 Qd7 18. d4 exd4
19. cxd4 Bxe2 20. Qxe2 cxd4 21. Bf2 Nge7 22. Qc4 Rb4 23. Qa2 Kf8 24. Be1 Rb5
25. Qc4 Rc5 26. Qd3 Kg7 27. Bd2 Nb4 28. Bxb4 axb4 29. Rb3 Rc3 30. Qb1 Nc6 31.
Qa2 Qf7 32. Rfb1 Rxb3 33. Qxb3 Qxb3 34. Rxb3 Rd8 35. Kf1 Kf7 36. Ke2 Ke6 37. e5
d5 38. exf6 Kxf6 39. Rb2 Ke7 40. Kd3 Kd6 41. g4 Re8 42. f5 g5 43. Re2 Rxe2 44.
Kxe2 Ne5 45. h3 Kc5 46. Kd2 Kc4 47. Kc1 b3 48. Kb2 d3 49. Bf1 Kd4 50. f6 d2 51.
Be2 Nc4+ 52. Kb1 Kc3 53. Ka1 b2+ 54. Ka2 Na3 55. Bd3 d1=Q 0-1

[Event "23e tournoi de Noël"]
[Site "Montigny le Bretonneux"]
[Date "2024.12.30"]
[Round "7.5"]
[White "Appavou, Calixte"]
[Black "Gauthier, Laurent"]
[Result "1/2-1/2"]
[WhiteElo "1734"]
[BlackElo "1831"]
[Annotator "Rivier,Sylvain"]
[PlyCount "71"]
[EventDate "2024.??.??"]
[WhiteTeam "Saint-Quentin en Yvelines"]
[BlackTeam "Les Tours d'Angoulême"]

{Défense sicilienne, variante Löwenthal} 1. e4 c5 2. Nf3 Nc6 3. d4 cxd4 4.
Nxd4 e5 5. Nf3 Nf6 6. Bd3 Be7 7. Nc3 a6 8. a3 d6 9. h3 b5 10. O-O Bb7 11. Bg5
h6 12. Be3 Na5 13. Nd2 Rc8 14. f4 Nc4 15. Bxc4 bxc4 16. Qe2 Qc7 17. a4 O-O 18.
Rf2 Rfd8 19. Raf1 d5 20. exd5 Nxd5 21. Nxd5 Bxd5 22. fxe5 c3 23. bxc3 Qxc3 24.
Qd3 Qxe5 25. Bd4 Qg5 26. c3 Be6 27. Nf3 Qh5 28. Qe3 Bc5 29. Ne5 Bxd4 30. cxd4
f6 31. Ng6 Kf7 32. Qxe6+ Kxg6 33. Rxf6+ gxf6 34. Qxf6+ Kh7 35. Qe7+ Kg8 36.
Qe6+ 1/2-1/2

[Event "23e tournoi de Noël"]
[Site "Montigny le Bretonneux"]
[Date "2024.12.30"]
[Round "7.6"]
[White "Fasquelle, Cedric"]
[Black "Sondermeijer, Antoine"]
[Result "1-0"]
[WhiteElo "1739"]
[BlackElo "1719"]
[Annotator "Rivier,Sylvain"]
[PlyCount "79"]
[EventDate "2024.??.??"]
[WhiteTeam "Saint-Quentin en Yvelines"]
[BlackTeam "Club d'Echecs de Guyancourt"]

{Défense sicilienne, attaque yougoslave} 1. e4 c5 2. Nf3 d6 3. d4 cxd4 4. Nxd4
Nf6 5. Nc3 g6 6. f3 Bg7 7. Be3 Nc6 8. Nxc6 bxc6 9. Qd2 O-O 10. O-O-O Re8 11. g4
a5 12. Bh6 Bh8 13. h4 Qb6 14. h5 Rb8 15. b3 Qb4 16. hxg6 fxg6 17. Nb1 Qxd2+ 18.
Bxd2 a4 19. Bc3 axb3 20. Bc4+ e6 21. Rxd6 bxa2 22. Bxa2 h5 23. e5 Nd5 24. Bxd5
cxd5 25. gxh5 gxh5 26. Rxh5 Kf7 27. Nd2 Kg6 28. Rh1 Kf5 29. Kd1 Rg8 30. Ke2 Rb7
31. Nb3 Bd7 32. Nc5 Bb5+ 33. Ke3 Ra7 34. Bd4 Rg2 35. f4 Re2+ 36. Kf3 Rxc2 37.
Rxh8 Re7 38. Rf8+ Kg6 39. Rxe6+ Kg7 40. Rff6 1-0